Hudba léčí : muzikoterapie pro každého / Markéta Gerlichová
Record details
- ISBN: 978-80-270-2843-6
- Physical Description: 55 stran : barevné ilustrace ; 17 cm
- Publisher: Praha : [Markéta Gerlichová], 2017
- Manufacturer: Reprotisk s.r.o.
Search for related items by subject
| Subject: | muzikoterapie music therapy |
| Genre: | příručky handbooks and manuals |
Available copies
- 2 of 4 copies available at Common Catalog SPOK.
Holds
- 0 current holds with 4 total copies.
Show Only Available Copies
| Location | Call Number / Copy Notes | Barcode | Shelving Location | Status | Due Date |
|---|---|---|---|---|---|
| Jabok Library | Psy-9.8 /G | 424480040299 | Odborná literatura | Checked out | 08.09.2025 |
| Jabok Library | Psy-9.8 /G | 424480040306 | Odborná literatura | Available | - |
| Jabok Library | Psy-9.8/G | 424480042108 | Odborná literatura | Checked out | 08.09.2025 |
| Jabok Library | Psy-9.8/G | 424480042109 | Odborná literatura | Available | - |
| LDR | 01197nam a2200361 i 4500 | ||
|---|---|---|---|
| 001 | 30220 | ||
| 003 | CZ-PrJAB | ||
| 005 | 20190624102310.0 | ||
| 007 | ta | ||
| 008 | 171019s2017 xr a e f 000 0 cze | ||
| 020 | . | ‡a978-80-270-2843-6 ‡q(vázáno) | |
| 035 | . | ‡a(CZ PrNK)nkc20172942273 | |
| 035 | . | ‡a(OCoLC)1022787887 | |
| 040 | . | ‡aBOA001 ‡bcze ‡dOLA001 ‡erda | |
| 072 | 7. | ‡a615.8 ‡xFyzioterapie. Psychoterapie. Alternativní lékařství ‡2Konspekt ‡914 | |
| 080 | . | ‡a615.851:78 ‡2MRF | |
| 080 | . | ‡a(035) ‡2MRF | |
| 100 | 1 | . | ‡aGerlichová, Markéta, ‡d1969- ‡7js20081029006 ‡4aut |
| 245 | 1 | 0. | ‡aHudba léčí : ‡bmuzikoterapie pro každého / ‡cMarkéta Gerlichová |
| 246 | 3 | 0. | ‡aMuzikoterapie pro každého |
| 264 | 1. | ‡aPraha : ‡b[Markéta Gerlichová], ‡c2017 | |
| 264 | 3. | ‡bReprotisk s.r.o. | |
| 300 | . | ‡a55 stran : ‡bbarevné ilustrace ; ‡c17 cm | |
| 336 | . | ‡atext ‡btxt ‡2rdacontent | |
| 337 | . | ‡abez média ‡bn ‡2rdamedia | |
| 338 | . | ‡asvazek ‡bnc ‡2rdacarrier | |
| 650 | 0 | 7. | ‡amuzikoterapie ‡7ph123056 ‡2czenas |
| 650 | 0 | 9. | ‡amusic therapy ‡2eczenas |
| 655 | 7. | ‡apříručky ‡7fd133209 ‡2czenas | |
| 655 | 9. | ‡ahandbooks and manuals ‡2eczenas | |
| 910 | . | ‡aABG312 | |
| 995 | . | ‡aska | |
| 901 | . | ‡a30220 ‡b ‡c30220 ‡tbiblio | |